00816nam a2200241 4500003001100000005001700011008004100028020001500069040003900084041000800123082001500131110003300146245010000179260005800279650001900337650002400356650002400380700003200404700002600436942000700462952009000469999001500559LK-CoMWRAF20231115143015.0231115b2003 |||||||| |||| 00| 0 eng d a1588261352 aLK-CoMWRAFdLK-CoMWRAFeLK-CoMWRAF aeng a341.5bINT aInternational Peace Academy. aFrom promise to practice: bstrengthening UN capacities for the prevention of violent conflict  axii, 429 p. ; 24 cm.bBibliography and index included aUNITED NATIONS aConflict management aPeacekeeping forces a Sriram, Chandra Lekhaeed. aWermester, Karineed. cBK 00104070aMAINbMAINd2023-11-15l0o341.5 INTpRAF3034r2023-11-15w2023-11-15yBK c4090d4090